000 01216nam a22003617a 4500
003 CHAP
005 20220329135407.0
008 971013s1972 r 00010 d
010 _a35625
011 _a36597
035 _a40716
040 _cCHAP
082 _a615.927
_bO6
110 _aOrganismo Internacional de Energía Atómica
_983512
245 _aMercury contamination in man and his environment
260 _aVienna :
_bOIEA,
_c1972
300 _a181 p.
_b: ilus.
490 _aTechnical reports series
_v; 137
590 _aBATCH-UPD
_b10
_c20130110
_lUCH01
_h0120
590 _aBATCH-UPD
_b10
_c20130110
_lUCH01
_h0904
590 _aBATCH-UPD
_b10
_c20130410
_lUCH01
_h0532
590 _aBATCH-UPD
_b10
_c20130913
_lUCH01
_h2328
590 _aCONVERSION
_b10
_c20130109
_lUCH01
_h1320
650 1 4 _aAgua
_xContaminación.
_92351
650 1 4 _aAire
_xContaminación.
_93138
650 1 4 _aMercurio
_xEfectos fisiológicos.
_974962
650 1 4 _aMercurio
_xToxicidad.
_974963
830 0 _aTechnical reports series
_v; 137
_9111913
901 _aBK
942 _cLIBRO
949 _a615.927 O6
_bBC
_cLIBRO
_d-93039
_eLIBRO
_h43220
_i40716
_si
949 _a615.927 O6
_bBC
_cLIBRO
_d-93040
_eLIBRO
_fc.2
_h43221
_i40716
_si
999 _c35625
_d35625